• 首页
  • 本馆介绍
  • 公告通知
  • 最新文献
  • 馆藏检索
  • 电子资源
  • 读者导购
  • 参考咨询
  • 我的图书馆
  • 登录
  • 详细信息显示
  • 放入我的书架
  • 预约/预借图书
  • 作者相关作品
  • 分类相关作品
  • 丛书相关作品
  • 出版社相关作品

书目信息

  • 表格格式
  • 工作单格式
  • 卡片格式
题名:
汤姆叔叔的小屋
    
 
作者: 斯托夫人 著 ;李彭恩 译
分册:  
出版信息: 北京   北京燕山出版社  2001.01
页数: 426页
开本: 32开
丛书名: 世界文学文库
单 册:
中图分类: I712.44
科图分类:
主题词: 文学
电子资源:
ISBN: 7-5402-1369-8
000 00673nam0 2200229 45
001 0206271492
005 20020627151245.8
010    @a7-5402-1369-8@d13.50元
100    @a20020627d2001 km y0chiy0120 ea
101 0  @achi
105    @a z 000yy
200 1  @a汤姆叔叔的小屋@ATang Mu Shu Shu De Xiao Wu@f(美)斯托夫人著@F(Mei)Si Tuo Fu Ren Zhu@g李彭恩译
210    @a北京@c北京燕山出版社@d2001.01
215    @a426页@d32开
225    @a世界文学文库
410    @12001 @a世界文学文库
606 0  @a文学
690    @aI712.44@v3
701  0 @a斯托夫人@4著
702  0 @a李彭恩@ALi Peng En@4译
801    @aCN@bPftUser@c20020627
905    @aBZT@b341715-717@dI712.44@e1@f3
    
    汤姆叔叔的小屋/(美)斯托夫人著/李彭恩译.-北京:北京燕山出版社,2001.01
    426页;32开.-(世界文学文库)
    
    
    ISBN 7-5402-1369-8:13.50元
    
●
相关链接 在五车中查询图书 在当当中查询图书 在豆瓣中查询图书


正题名:汤姆叔叔的小屋     索取号:I712.44/1         预约/预借

序号 登录号 条形码 馆藏地/架位号 状态 备注
1 341715   201400260   中心书库中库/打包BH1659/ [索取号:I712.44/1] 在馆    
2 341716   200631511   中心书库中库/打包BH1659/ [索取号:I712.44/1] 在馆    
山东省滨州职业学院图书馆 欢迎您!
大连网信软件有限公司© 版权所有